| 000 | 00457nam a2200169 4500 | ||
|---|---|---|---|
| 005 | 20260519123725.0 | ||
| 008 | 260427b |||||||| |||| 00| 0 eng d | ||
| 020 | _a9780415585705 | ||
| 082 |
_a401.41 _bJAM-A |
||
| 100 | _aJames Paul Gee | ||
| 245 |
_aAn Introduction to Discoursce Analysis _bTheory And Methods |
||
| 260 |
_aNEW YORK _bRoutledge ,Taylor and Francis Group |
||
| 300 | _a218p | ||
| 490 | _a3rd Ed. | ||
| 650 | _aEnglish | ||
| 942 | _cBK | ||
| 999 |
_c47400 _d47400 |
||